Devinez l'État Américain Mystère #21 - Statistiques

Statistiques générales
  • Ce quiz a été pris 220 fois
  • Le résultat moyen est 31 sur 36
Statistiques - réponses
Type de Réponse Réponse % Correct
Lettre de l'Alphabet E
100%
Lettre de l'Alphabet A
99%
Lettre Trouvée N
99%
Lettre Trouvée I
98%
Lettre Trouvée O
98%
Lettre de l'Alphabet R
98%
Lettre Trouvée S
98%
Lettre de l'Alphabet L
97%
Lettre de l'Alphabet D
96%
Lettre de l'Alphabet T
96%
Lettre de l'Alphabet M
95%
Lettre Trouvée C
94%
Lettre de l'Alphabet K
92%
Lettre de l'Alphabet G
91%
Lettre de l'Alphabet U
91%
Lettre de l'Alphabet F
89%
Lettre de l'Alphabet H
89%
Lettre de l'Alphabet Y
86%
Lettre de l'Alphabet B
84%
Lettre de l'Alphabet V
84%
Lettre Trouvée W
84%
Lettre de l'Alphabet P
80%
Lettre de l'Alphabet X
80%
Lettre de l'Alphabet Z
76%
Lettre Bien Placée I
75%
Lettre Bien Placée S
75%
Lettre de l'Alphabet Q
74%
Lettre de l'Alphabet J
73%
Lettre Bien Placée C
71%
Lettre Bien Placée I
71%
Lettre Bien Placée N
71%
Lettre Bien Placée N
71%
Lettre Bien Placée O
71%
Lettre Bien Placée S
71%
Lettre Bien Placée W
71%
État Mystère Wisconsin
71%
Aucun quiz correspondant
Distribution des résultats
% des personnes avec chaque résultat
Percentile par nombre de réponses
Votre historique - résultats
Vous n’avez pas pris ce quiz